书目信息 |
| 题名: |
凸函数和奥尔里奇空间
|
|
| 作者: | 克拉斯诺西尔斯基 , 鲁季茨基 编 ;吴从炘 译 | |
| 分册: | ||
| 出版信息: | 北京 科学出版社 1962.05 |
|
| 页数: | 227页 | |
| 开本: | 20cm | |
| 丛书名: | ||
| 单 册: | ||
| 中图分类: | O174.13 | |
| 科图分类: | ||
| 主题词: | 数学分析 | |
| 电子资源: | ||
| ISBN: | ||
| 000 | 00711nam0 2200217 450 | |
| 001 | 0638865203 | |
| 005 | 20061121105035.62 | |
| 010 | @dCNY1.20 | |
| 100 | @a20061121d1962 km y0chiy0120 ea | |
| 101 | 0 | @achi |
| 102 | @aCN@b110000 | |
| 200 | 1 | @a凸函数和奥尔里奇空间@Atu han shu he ao er li qi kong jian@f克拉斯诺西尔斯基,鲁季茨基编@Fke la si nuo xi er si ji,lu ji ci ji bian@g吴从炘译@Gwu cong xin yi |
| 210 | @a北京@c科学出版社@d1962.05 | |
| 215 | @a227页@d20cm | |
| 606 | 0 | @a数学分析 |
| 690 | @aO174.13@v3 | |
| 701 | 0 | @a克拉斯诺西尔斯基@Ake la si nuo xi er si ji@4编 |
| 701 | 0 | @a鲁季茨基@Alu ji ci ji@4编 |
| 702 | 0 | @a吴从炘@Awu cong xin@4译 |
| 801 | 0 | @aCN@bPFT@c20061121 |
| 905 | @a10447@dO174.13@e17 | |
| 凸函数和奥尔里奇空间/克拉斯诺西尔斯基,鲁季茨基编/吴从炘译.-北京:科学出版社,1962.05 |
| 227页;20cm |
| ISBN :CNY1.20 |
| ● |
| 相关链接 |
|
|
|
|
正题名:凸函数和奥尔里奇空间
索取号:O174.13/17
 
预约/预借
| 序号 | 登录号 | 条形码 | 馆藏地/架位号 | 状态 | 备注 |
| 1 | 0008611 | 000421225 | 第二样本阅览室/ [索取号:O174.13/17] | 在馆 |